Normal view
MARC view
- New Headway -Intermediate Student's Book
Entry Topical Term
001 - CONTROL NUMBER
- control field: 3483
003 - CONTROL NUMBER IDENTIFIER
- control field: JO-AjAnu
005 - DATE AND TIME OF LATEST TRANSACTION
- control field: 20230606070856.0
008 - FIXED-LENGTH DATA ELEMENTS
- fixed length control field: 230606|| aca||aabn | a|a d
040 ## - CATALOGING SOURCE
- Original cataloging agency: JO-AjAnu
- Transcribing agency: JO-AjAnu
150 ## - HEADING--TOPICAL TERM
- Topical term or geographic name entry element: New Headway -Intermediate Student's Book
670 ## - SOURCE DATA FOUND
- Source citation: Work cat.: (JO-AjAnu)1817: Liz,Soars تأليف;john م.مشارك, author 3482, New Headway :Intermediate Student's Book